000 00260nam a2200109Ia 4500
008 230724s1999 xx und d
041 _aeng
100 _aBUDHANANDA S
245 _aCAN ONE BE SCIENTIFIC AND YET SPIRITUAL ?
260 _c1999
300 _a536
999 _c1177830
_d1177830